| 000 | 00465nam a2200157Ia 4500 | ||
|---|---|---|---|
| 008 | 210716s2003 xx 000 0 und d | ||
| 020 | _a8120323068 | ||
| 041 | _aeng | ||
| 082 | _a005.42 BHAP | ||
| 100 | _aBhatt, Pramod Chandra P. | ||
| 245 |
_aIntrpductin to operating systems: concepts and practice. _bConcepts and practice. |
||
| 250 | _a1 | ||
| 260 |
_aNew Delhi _bPrentice Hall of India PVt Ltd. _c2003 |
||
| 300 | _axiii,297 | ||
| 650 | _aOperating Systems | ||
| 999 |
_c185736 _d185736 |
||